<?xml version="1.0" encoding="UTF-8"?>
<record
    xmlns:xsi="http://www.w3.org/2001/XMLSchema-instance"
    xsi:schemaLocation="http://www.loc.gov/MARC21/slim http://www.loc.gov/standards/marcxml/schema/MARC21slim.xsd"
    xmlns="http://www.loc.gov/MARC21/slim">

  <leader>00344nam a2200145Ia 4500</leader>
  <controlfield tag="008">191201s2010    xx            000 0 und d</controlfield>
  <datafield tag="082" ind1=" " ind2=" ">
    <subfield code="a">658.51DAM</subfield>
  </datafield>
  <datafield tag="100" ind1=" " ind2=" ">
    <subfield code="a">DATTA, A.K.</subfield>
  </datafield>
  <datafield tag="245" ind1=" " ind2="0">
    <subfield code="a">Materials Management Procedures, Text and Cases</subfield>
  </datafield>
  <datafield tag="250" ind1=" " ind2=" ">
    <subfield code="a">2nd</subfield>
  </datafield>
  <datafield tag="260" ind1=" " ind2=" ">
    <subfield code="a">N. Delhi</subfield>
    <subfield code="b">PHI</subfield>
    <subfield code="c">2010</subfield>
  </datafield>
  <datafield tag="300" ind1=" " ind2=" ">
    <subfield code="a">404</subfield>
  </datafield>
  <datafield tag="650" ind1=" " ind2=" ">
    <subfield code="a">BBA</subfield>
  </datafield>
  <datafield tag="942" ind1=" " ind2=" ">
    <subfield code="2">ddc</subfield>
    <subfield code="c">BK</subfield>
  </datafield>
  <datafield tag="999" ind1=" " ind2=" ">
    <subfield code="c">5126</subfield>
    <subfield code="d">5126</subfield>
  </datafield>
  <datafield tag="952" ind1=" " ind2=" ">
    <subfield code="0">0</subfield>
    <subfield code="1">0</subfield>
    <subfield code="2">ddc</subfield>
    <subfield code="4">0</subfield>
    <subfield code="7">0</subfield>
    <subfield code="8">BBA</subfield>
    <subfield code="a">PIET</subfield>
    <subfield code="b">PIET</subfield>
    <subfield code="d">2012-02-18</subfield>
    <subfield code="e">IBH, New Delhi</subfield>
    <subfield code="g">195.00</subfield>
    <subfield code="k">18200</subfield>
    <subfield code="l">0</subfield>
    <subfield code="o">658.7 DAM</subfield>
    <subfield code="p">18855</subfield>
    <subfield code="r">2019-12-04 00:00:00</subfield>
    <subfield code="w">2012-02-08</subfield>
    <subfield code="y">BK</subfield>
  </datafield>
  <datafield tag="952" ind1=" " ind2=" ">
    <subfield code="0">0</subfield>
    <subfield code="1">0</subfield>
    <subfield code="2">ddc</subfield>
    <subfield code="4">0</subfield>
    <subfield code="7">0</subfield>
    <subfield code="8">BBA</subfield>
    <subfield code="a">PIET</subfield>
    <subfield code="b">PIET</subfield>
    <subfield code="d">2012-02-18</subfield>
    <subfield code="e">IBH, New Delhi</subfield>
    <subfield code="g">195.00</subfield>
    <subfield code="k">18200</subfield>
    <subfield code="l">2</subfield>
    <subfield code="o">658.7 DAM</subfield>
    <subfield code="p">18856</subfield>
    <subfield code="r">2024-05-11 00:00:00</subfield>
    <subfield code="s">2024-04-24</subfield>
    <subfield code="w">2012-02-08</subfield>
    <subfield code="y">BK</subfield>
  </datafield>
  <datafield tag="952" ind1=" " ind2=" ">
    <subfield code="0">0</subfield>
    <subfield code="1">0</subfield>
    <subfield code="2">ddc</subfield>
    <subfield code="4">0</subfield>
    <subfield code="7">0</subfield>
    <subfield code="8">BBA</subfield>
    <subfield code="a">PIET</subfield>
    <subfield code="b">PIET</subfield>
    <subfield code="d">2012-02-18</subfield>
    <subfield code="e">IBH, New Delhi</subfield>
    <subfield code="g">195.00</subfield>
    <subfield code="k">18200</subfield>
    <subfield code="l">1</subfield>
    <subfield code="o">658.7 DAM</subfield>
    <subfield code="p">18857</subfield>
    <subfield code="r">2021-08-19 00:00:00</subfield>
    <subfield code="s">2021-08-05</subfield>
    <subfield code="w">2012-02-08</subfield>
    <subfield code="y">BK</subfield>
  </datafield>
  <datafield tag="952" ind1=" " ind2=" ">
    <subfield code="0">0</subfield>
    <subfield code="1">0</subfield>
    <subfield code="2">ddc</subfield>
    <subfield code="4">0</subfield>
    <subfield code="7">0</subfield>
    <subfield code="8">BBA</subfield>
    <subfield code="a">PIET</subfield>
    <subfield code="b">PIET</subfield>
    <subfield code="d">2012-02-18</subfield>
    <subfield code="e">IBH, New Delhi</subfield>
    <subfield code="g">195.00</subfield>
    <subfield code="k">18200</subfield>
    <subfield code="l">0</subfield>
    <subfield code="o">658.7 DAM</subfield>
    <subfield code="p">18858</subfield>
    <subfield code="r">2019-12-04 00:00:00</subfield>
    <subfield code="w">2012-02-08</subfield>
    <subfield code="y">BK</subfield>
  </datafield>
  <datafield tag="952" ind1=" " ind2=" ">
    <subfield code="0">0</subfield>
    <subfield code="1">0</subfield>
    <subfield code="2">ddc</subfield>
    <subfield code="4">0</subfield>
    <subfield code="7">0</subfield>
    <subfield code="8">BBA</subfield>
    <subfield code="a">PIET</subfield>
    <subfield code="b">PIET</subfield>
    <subfield code="d">2012-02-18</subfield>
    <subfield code="e">IBH, New Delhi</subfield>
    <subfield code="g">195.00</subfield>
    <subfield code="k">18200</subfield>
    <subfield code="l">1</subfield>
    <subfield code="o">658.7 DAM</subfield>
    <subfield code="p">18859</subfield>
    <subfield code="r">2020-02-19 00:00:00</subfield>
    <subfield code="s">2020-02-06</subfield>
    <subfield code="w">2012-02-08</subfield>
    <subfield code="y">BK</subfield>
  </datafield>
  <datafield tag="952" ind1=" " ind2=" ">
    <subfield code="0">0</subfield>
    <subfield code="1">0</subfield>
    <subfield code="2">ddc</subfield>
    <subfield code="4">0</subfield>
    <subfield code="7">0</subfield>
    <subfield code="8">BBA</subfield>
    <subfield code="a">PIET</subfield>
    <subfield code="b">PIET</subfield>
    <subfield code="d">2012-02-18</subfield>
    <subfield code="e">IBH, New Delhi</subfield>
    <subfield code="g">195.00</subfield>
    <subfield code="k">18200</subfield>
    <subfield code="l">1</subfield>
    <subfield code="o">658.7 DAM</subfield>
    <subfield code="p">18860</subfield>
    <subfield code="r">2025-02-08 00:00:00</subfield>
    <subfield code="s">2024-01-13</subfield>
    <subfield code="w">2012-02-08</subfield>
    <subfield code="y">BK</subfield>
  </datafield>
</record>
